00418nam a2200157Ia 4500003000400000008004100004040001600045082001600061100002100077245005200098260004600150300001200196650002000208650002200228650001000250GCL140319s9999 xx 000 0 eng d aGCL / cGCL04a591.51bF B1 aFRASER,ANDRAW F10aTHE BEHAVIOUR OF THE HORSE / cFRASER,ANDRAW F a[S.N] : bC. A. B INTERNATIONAL ، c1992 a288 PP04aANIMAL BEHAVIOR04aANIMAL PSYCHOLOGY04aHORES